Biblioteka Instytutu Północnego w Olsztynie

Bez emocji : (Rekord nr 27794)

Szczegóły MARC
000 -Nagłówek
fixed length control field 03156cam a2200685 i 4500
001 - Nr kontrolny bibl., która utworzyła rek.
control field xx004858970
003 - Siglum bibl., której nr kontr. jest w 001
control field NUKAT
005 - Data i czas ostatniej operacji
control field 20260427104307.0
008 - Elementy pola stałej długości
fixed length control field 200512s2020 pl |001 0dpol c
020 ## - ISBN
ISBN 9788380988392
dopowiedzenie (oprawa twarda) :
warunki dostępności zł 35,00
035 ## - Systemowy numer kontrolny
systemowy numer kontrolny (OCoLC)1156654866
035 ## - Systemowy numer kontrolny
systemowy numer kontrolny (NUKAT)xx004858970
040 ## - Instytucja sporządzająca opis
Instytucja, która sporządziła opis KAT U/DL
język katalgowania-trzyzn. kod pol
zasady opisu rda
Instytucja, która sporządziła rekord KAT U/DLs
Instytucja, która zmodyfikowała rekord KAT U/MP
-- WA 392/MD
-- WA 14/ABs
-- OLSZT 008/bak
041 1# - Kod nazwy języka dokumentu
Język tekstu pol
Język streszczeń eng
Language code of original lit
045 2# - Okres czasu dla zawartości
czas między r. 9999 pne a nasz. czas. d1867
-- d1935
046 ## - Kod rodz. daty, data1, data2 (daty pne)
Begin/single date 2020
245 00 - Tytuł właściwy i oznaczenie odpow.
tytuł Bez emocji :
dodatek do tytułu polsko-litewski dialog o Józefie Piłsudskim /
dod. inf. ze s. tyt./ozn. odpow. pod redakcją Danuty Jastrzębskiej-Golonkowej, Alvydasa Nikžentaitisa, Włodzimierza Sulei i Tadeusza Wolszy ; Instytut Pamięci Narodowej. Komisja Ścigania Zbrodni Przeciwko Narodowi Polskiemu, Instytut Polski w Wilnie ; Instytut Historii Litwy.
246 30 - Inne formy tytułu, wariant tytułu
tytuł Polsko-litewski dialog o Józefie Piłsudskim
260 ## - Adres wydawniczy
miejsce wydania, dystrybucji itp. Warszawa :
nazwa wydawcy, dystrybutora itp. Instytut Pamięci Narodowej. Komisja Ścigania Zbrodni Przeciwko Narodowi Polskiemu,
data wydania, dystrybucji itp. 2020.
300 ## - Opis fizyczny
objętość i/lub forma materiału 352 strony ;
format 25 cm.
336 ## - Content Type
Term Tekst
Code txt
Source rdacontent
337 ## - Media Type
Term Bez urządzenia pośredniczącego
Code n
Source rdamedia
338 ## - Carrier Type
Term Wolumin
Code nc
Source rdacarrier
380 ## - Form of work
Form of work Książki
380 ## - Form of work
Form of work Publikacje naukowe
388 1# - TIME PERIOD OF CREATION
Time period of creation term 2001-
504 ## - Uwaga o bibliografii
uwaga o bibliografii Bibliografia przy rozdziałach. Indeks.
546 ## - Uwaga o języku opisywanego materiału
uwaga o języku Część artykułów tłumaczona z języka litewskiego. Streszczenie w języku angielskim przy artykułach. Spis treści także w języku angielskim.
600 17 - Hasło przedmiotowe-nazwa osobowa
nazwa osobowa Piłsudski, Józef
daty biograficzne (1867-1935)
źródło hasła DBN
9 (RLIN) 37024
600 17 - Hasło przedmiotowe-nazwa osobowa
nazwa osobowa Piłsudski, Józef
daty biograficzne (1867-1935).
źródło hasła kaba
9 (RLIN) 38287
600 17 - Hasło przedmiotowe-nazwa osobowa
nazwa osobowa Piłsudski, Józef
daty biograficzne (1867-1935)
określnik rzeczowy i Litwa.
źródło hasła kaba
9 (RLIN) 13590
600 17 - Hasło przedmiotowe-nazwa osobowa
nazwa osobowa Piłsudski, Józef
daty biograficzne (1867-1935)
określnik rzeczowy język.
źródło hasła kaba
9 (RLIN) 40617
600 17 - Hasło przedmiotowe-nazwa osobowa
nazwa osobowa Piłsudski, Józef
daty biograficzne (1867-1935)
określnik rzeczowy krytyka i interpretacja.
źródło hasła kaba
9 (RLIN) 40618
600 17 - Hasło przedmiotowe-nazwa osobowa
nazwa osobowa Piłsudski, Józef
daty biograficzne (1867-1935)
określnik rzeczowy opinia publiczna.
źródło hasła kaba
9 (RLIN) 40619
648 #7 - SUBJECT ADDED ENTRY--CHRONOLOGICAL TERM
Chronological term 1801-1900
Source of heading or term DBN
9 (RLIN) 36037
648 #7 - SUBJECT ADDED ENTRY--CHRONOLOGICAL TERM
Chronological term 1901-1914
Source of heading or term DBN
9 (RLIN) 36038
648 #7 - SUBJECT ADDED ENTRY--CHRONOLOGICAL TERM
Chronological term 1901-2000
Source of heading or term DBN
9 (RLIN) 34996
648 #7 - SUBJECT ADDED ENTRY--CHRONOLOGICAL TERM
Chronological term 1914-1918
Source of heading or term DBN
9 (RLIN) 36040
648 #7 - SUBJECT ADDED ENTRY--CHRONOLOGICAL TERM
Chronological term 1918-1939
Source of heading or term DBN
9 (RLIN) 36041
650 #7 - Hasło przedmiotowe-nazwa pospolita
nazwa pospolita lub geogr. Generałowie
źródło hasła DBN
9 (RLIN) 37520
650 #7 - Hasło przedmiotowe-nazwa pospolita
nazwa pospolita lub geogr. Politycy
źródło hasła DBN
9 (RLIN) 36070
650 #7 - Hasło przedmiotowe-nazwa pospolita
nazwa pospolita lub geogr. Świadomość społeczna
źródło hasła DBN
9 (RLIN) 35235
650 #7 - Hasło przedmiotowe-nazwa pospolita
nazwa pospolita lub geogr. Żołnierze
źródło hasła DBN
9 (RLIN) 35175
651 #7 - Hasło przedmiotowe-nazwa geogr.
nazwa geograficzna Litwa
źródło hasła DBN
9 (RLIN) 35756
651 #7 - Hasło przedmiotowe-nazwa geogr.
nazwa geograficzna Polska
źródło hasła DBN
9 (RLIN) 35076
655 #7 - Termin określający rodzaj/formę
rodzaj/forma Biografia
źródło terminu DBN
9 (RLIN) 35059
655 #7 - Termin określający rodzaj/formę
rodzaj/forma Praca zbiorowa
źródło terminu DBN
9 (RLIN) 35107
658 ## - Nazwa określająca cel programu nauczania
główny cel programu nauczania Historia
700 1# - Hasło dodatkowe - nazwa osobowa
nazwa osobowa Jastrzębska-Golonka, Danuta.
rodzaj współpracy Redakcja
9 (RLIN) 16264
700 1# - Hasło dodatkowe - nazwa osobowa
nazwa osobowa Nikžentaitis, Alvydas
daty biograficzne (1961- ).
rodzaj współpracy Redakcja
9 (RLIN) 40614
700 1# - Hasło dodatkowe - nazwa osobowa
nazwa osobowa Suleja, Włodzimierz
daty biograficzne (1948- ).
rodzaj współpracy Redakcja
9 (RLIN) 32249
700 1# - Hasło dodatkowe - nazwa osobowa
nazwa osobowa Wolsza, Tadeusz
daty biograficzne (1956- ).
rodzaj współpracy Redakcja
9 (RLIN) 40615
710 2# - Hasło dodatkowe - nazwa ciała zbior.
nazwa ciała zbior. lub nazwa geogr. Instytut Pamięci Narodowej - Komisja Ścigania Zbrodni przeciwko Narodowi Polskiemu.
rodzaj współpracy Instytucja sprawcza
-- Wydawca
kod rodzaju współpracy pbl
9 (RLIN) 11792
710 2# - Hasło dodatkowe - nazwa ciała zbior.
nazwa ciała zbior. lub nazwa geogr. Lenkijos Institutas (Wilno).
rodzaj współpracy Instytucja sprawcza
9 (RLIN) 40616
710 2# - Hasło dodatkowe - nazwa ciała zbior.
nazwa ciała zbior. lub nazwa geogr. Lietuvos istorijos institutas.
rodzaj współpracy Instytucja sprawcza
9 (RLIN) 16166
920 ## - ISBN
ISBN 978-83-8098-839-2 (oprawa twarda) : zł 35,00
942 ## - ADDED ENTRY ELEMENTS (KOHA)
Source of classification or shelving scheme Dewey Decimal Classification
Koha item type pozycje dostępne na miejscu
Egzemplarze
Status wycofania Status zagubienia Klasyfikacja Status uszkodzenia Blokada wypożyczeń Kolekcja Lokalizacja macierzysta Lokalizacja bieżąca Data nabycia Numer akcesji Źródło akcesji Cena Nr inwentarzowy il. wypożyczeń Sygnatura Kod kreskowy Date last seen Price effective from Typ egz.
    Dewey Decimal Classification nieuszkodzona   książka w magazynie Biblioteka Instytutu Północnego w Olsztynie Biblioteka Instytutu Północnego w Olsztynie 30/11/2020 D-36/2020 dar 35.00 59934   59934 IPWK21635 27/04/2026 27/04/2026 pozycje dostępne na miejscu
Biblioteka Instytutu Północnego, ul. Partyzantów 87, 10-402 Olsztyn, email: biblioteka(at)ip.olsztyn.pl